中国陆地边境贸易口岸地图 China land border trade ports on map - Statistics

General Stats
  • This quiz has been taken 28 times
  • The average score is 21 of 71
Answers on the Map
Answers color-coded by a green-red scale on the quiz's map according to % correct below.
 
Answer Stats
面向 所在县级 口岸 % Correct
俄罗斯 满洲里 满洲里
83%
缅甸 瑞丽 瑞丽姐告
79%
哈萨克斯坦 霍尔果斯 霍尔果斯
79%
朝鲜 振兴 丹东
79%
蒙古 二连浩特 二连浩特
75%
俄罗斯 抚远 抚远
75%
越南 东兴 东兴
71%
俄罗斯 漠河 漠河
71%
俄罗斯 绥芬河 绥芬河
71%
朝鲜 图们 图们
71%
俄罗斯 爱辉 黑河
67%
俄罗斯 珲春 珲春
67%
哈萨克斯坦 阿拉山口 阿拉山口
63%
蒙古 阿尔山 阿尔山
63%
朝鲜 集安 集安
63%
俄罗斯 同江 同江
58%
越南 凭祥 友谊关
54%
越南 河口 河口
54%
巴基斯坦 塔什库尔干 红其拉甫
54%
老挝 勐腊 磨憨
46%
印度 亚东 乃堆拉
46%
俄罗斯 富锦 富锦
46%
俄罗斯 虎林 虎林
46%
俄罗斯 密山 密山
46%
俄罗斯 东宁 东宁
42%
尼泊尔 聂拉木 樟木
38%
尼泊尔 吉隆 吉隆
33%
俄罗斯 逊克 逊克
33%
缅甸 瑞丽 畹町
29%
尼泊尔 普兰 普兰
29%
俄罗斯 嘉荫 嘉荫
29%
俄罗斯 萝北 萝北
29%
俄罗斯 饶河 饶河
25%
蒙古 额济纳 策克
21%
缅甸 耿马 清水河
17%
缅甸 腾冲 猴桥
17%
越南 防城 峒中
13%
越南 宁明 爱店
13%
越南 龙州 水口
13%
越南 大新 硕龙
13%
越南 靖西 龙邦
13%
越南 那坡 平孟
13%
越南 麻栗坡 天保
13%
缅甸 勐海 打洛
13%
哈萨克斯坦 吉木乃 吉木乃
13%
蒙古 乌拉特中 甘其毛都
13%
越南 金平 金水河
8%
老挝 江城 勐康
8%
缅甸 勐腊 关累
8%
吉尔吉斯斯坦 乌恰 伊尔克什坦
8%
蒙古 达茂旗 满都拉
8%
朝鲜 珲春 沙坨子
8%
尼泊尔 仲巴 里孜
4%
塔吉克斯坦 塔什库尔干 卡拉苏
4%
吉尔吉斯斯坦 乌恰 吐尔尕特
4%
哈萨克斯坦 塔城 巴克图
4%
蒙古 福海 红山嘴
4%
蒙古 巴里坤 老爷庙
4%
蒙古 东乌珠穆沁 珠恩嘎达布其
4%
朝鲜 珲春 圈河
4%
朝鲜 和龙 古城里
4%
朝鲜 安图 双目峰
4%
哈萨克斯坦 昭苏 木扎尔特
0%
哈萨克斯坦 可克达拉 都拉塔
0%
蒙古 阿勒泰 塔克什肯
0%
蒙古 奇台 乌拉斯台
0%
蒙古 新巴尔虎右 阿日哈沙特
0%
蒙古 新巴尔虎左 额布都格
0%
朝鲜 龙井 开山屯
0%
朝鲜 龙井 三合
0%
朝鲜 和龙 南坪
0%
No matching quizzes found
Score Distribution
Percent of People with Each Score
Percentile by Number Answered
Your Score History
You have not taken this quiz